000
00293nam a2200121 4500
999
_c
11804
_d
11804
003
OSt
005
20230727164459.0
008
230727b ||||| |||| 00| 0 eng d
245
_a
Human Settlements performance standards
260
_a
New York
_b
United nations
300
_a
83p;
942
_2
ddc